Taylor Swift - Paroles Need - Statistiques

Statistiques générales
  • Ce quiz a été pris 17 fois
  • Le résultat moyen est 127 sur 265
Statistiques - réponses
Hint Réponse % Correct
I
89%
"I
89%
(I
89%
a
78%
(Ah-ah,
78%
ah-ah)
78%
You
78%
you
78%
and
67%
be
67%
love
67%
me
67%
me,
67%
need,
67%
need
67%
need),
67%
to
67%
we
67%
is
56%
It
56%
it
56%
kiss
56%
my
56%
that
56%
That
56%
the
56%
The
56%
all
44%
can
44%
do
44%
go
44%
go"
44%
go)
44%
It's
44%
it's
44%
(It's
44%
lead
44%
let
44%
Refrain Oh,
44%
(Oh,
44%
oh)
44%
(Oh)
44%
tell
44%
This
44%
this
44%
Couplet 1 Want
44%
were
44%
what
44%
won't
44%
would
44%
always
33%
am
33%
anywhere
33%
(Anywhere)
33%
are
33%
for
33%
had,
33%
in
33%
more
33%
of
33%
on
33%
or
33%
run
33%
slow
33%
slow)
33%
than
33%
time
33%
up
33%
with
33%
about
22%
accidental
22%
ain't
22%
around?
22%
at
22%
Bridge Baby,
22%
breathing
22%
breathless
22%
breathless,
22%
burning
22%
(Burning
22%
Caught
22%
chemistry
22%
cigarette
22%
come
22%
Couplet 2 Danger
22%
deceiving
22%
Desire
22%
else
22%
essential
22%
every
22%
Fear
22%
feeling,
22%
fire
22%
forgot
22%
freeze
22%
hold
22%
hopeless,
22%
jacket
22%
leave,
22%
leave
22%
leave),
22%
liar,
22%
like
22%
lived
22%
longing
22%
Lust
22%
miss
22%
neck
22%
new
22%
nightmare
22%
part
22%
passing
22%
Pré-refrain Passion
22%
prickles
22%
short
22%
smoke
22%
someone
22%
sound
22%
Telling
22%
thing
22%
thousand
22%
Touch
22%
town
22%
truth
22%
whiskey
22%
wishing,
22%
wore
22%
wrong
22%
Aucun quiz correspondant
Distribution des résultats
% des personnes avec chaque résultat
Percentile par nombre de réponses
Votre historique - résultats
Vous n’avez pas pris ce quiz